| 000 | 01925cam a22005174a 4500 | ||
|---|---|---|---|
| 001 | muse16425 | ||
| 003 | MdBmJHUP | ||
| 005 | 20210127150924.0 | ||
| 006 | m o d | ||
| 007 | cr||||||||nn|n | ||
| 008 | 060322s2006 utu o 00 0 eng d | ||
| 010 | _z 2006009473 | ||
| 020 | _a9780874215373 | ||
| 020 | _z0874216346 (pbk. : alk. paper) | ||
| 020 | _z9780874216349 (pbk. : alk. paper) | ||
| 035 | _a(OCoLC)252244509 | ||
| 040 |
_aMdBmJHUP _cMdBmJHUP |
||
| 043 | _an-us--- | ||
| 050 | 0 | 4 |
_aQH31.W626 _bA5 2006 |
| 082 | 0 |
_a508 _222 |
|
| 100 | 1 | _aWilliams, Terry Tempest. | |
| 245 | 1 | 2 |
_aVoice in the Wilderness _bConversations with Terry Tempest Williams / _cedited by Michael Austin ; Willet drawing by Lee Carlman Riddell. |
| 264 | 1 | _bUtah State University Press, | |
| 264 | 3 | _bProject MUSE, | |
| 300 |
_a1 online resource (ix, 196 p.) : _bill. ; |
||
| 504 | _a"Interviews with Terry Tempest Williams": p. 187-189. | ||
| 504 | _aIncludes bibliographical references and index. | ||
| 506 | 0 |
_aOpen Access _fUnrestricted online access _2star |
|
| 588 | _aDescription based on print version record. | ||
| 600 | 1 | 1 |
_aWilliams, Terry Tempest _vInterviews. |
| 650 | 0 | _aHuman ecology. | |
| 650 | 0 |
_aAuthors _vInterviews. |
|
| 650 | 0 |
_aEnvironmentalists _zUnited States _vInterviews. |
|
| 650 | 0 |
_aNaturalists _zUnited States _vInterviews. |
|
| 655 | 7 |
_aElectronic books. _2local |
|
| 700 | 1 |
_aAustin, Michael, _d1966- |
|
| 710 | 2 |
_aProject Muse. _edistributor |
|
| 830 | 0 | _aBook collections on Project MUSE. | |
| 856 | 4 | 0 |
_zFull text available: _uhttps://muse.jhu.edu/book/9271/ |
| 945 | _aProject MUSE - Archive Literature Foundation | ||
| 945 | _aProject MUSE - Archive Complete Foundation | ||
| 999 |
_c23970 _d23970 |
||